00293nam a22001217a 4500003000400000082001800004100002100022245004300043260004400086300000700130650001700137653001700154SGT a617.632bP21T aThakker, Rishabh aPrevention and management of neural... aGurugram, HaryanabSGT Universityc2021 a95 aOral Surgery aOral Surgery